| 000 | 00000nam##2200000za#4500 |
| 001 | 9.624744 |
| 003 | CaOODSP |
| 005 | 20240212134142 |
| 007 | ta |
| 008 | 150406|1998||||xxc||||| f|0| 0 fre|d |
| 020 | |a0-662-82943-3 |
| 022 | |a1713-0646 |
| 040 | |aCaOODSP|bfre |
| 043 | |an-cn--- |
| 086 | 1 |aNE22-1/1998-3F |
| 110 | 1 |aCanada. |bOffice national de l'énergie. |
| 245 | 10|aPipeline Interprovincial Inc. : |bdemande en date du 2 décembre 1997, dans sa version modifiée, concernant la phase I du programme d'agrandissement Terrace |
| 260 | |aCalgary - Alberta : |bOffice national de l'énergie |c1998. |
| 300 | |a42p. : |bgraphiques, tableaux ; |c28 cm. |
| 490 | 1 |aMotifs de décision|x1713-0646|vjuin 1998 |
| 563 | |aCouverture souple |
| 590 | |a98-26|b1998-06-26 |
| 775 | 08|tInterprovincial Pipe Line Inc. : |w(CaOODSP)9.614396 |
| 776 | 0#|tMotifs de décision relativement à Pipeline Interprovincial Inc. : |w(CaOODSP)9.602888 |
| 830 | #0|aMotifs de décision (Canada. Office national de l'énergie)|x1713-0646|vjuin 1998|w(CaOODSP)9.513162 |
| 986 | |aOH-1-98 |